[Event "RSA-ch U10"]
[Site "Gauteng"]
[Date "2017.04.08"]
[Round "6"]
[White "Fourie, Keanan"]
[Black "Ziegenhagen, Vian Luke"]
[Result "1/2-1/2"]
[WhiteElo "1041"]
[BlackElo "804"]
[PlyCount "106"]
[EventDate "2017.04.05"]
[EventType "swiss"]
[EventRounds "11"]
[EventCountry "RSA"]
[SourceTitle "CBM 177 Extra"]
[Source "ChessBase"]
[SourceDate "2017.04.27"]
[SourceVersion "1"]
[SourceVersionDate "2017.04.27"]
[SourceQuality "1"]

1. e4 c5 2. Nf3 Nc6 3. Bc4 e5 4. Nc3 Be7 5. 0-0 Nf6 6. d3 d6 7. Bg5 h6 8. Bxf6 Bxf6 9. Nd5 0-0 10. Nxf6+ Qxf6 11. Bd5 Be6 12. Bxe6 fxe6 13. c3 a6 14. a3 b5 15. b4 Rf7 16. Qd2 Qg6 17. Nh4 Qg5 18. Qxg5 hxg5 19. Nf3 g4 20. Ng5 Rf6 21. g3 Rg6 22. f4 exf4 23. gxf4 e5 24. fxe5 Rxg5 25. exd6 g3 26. Rf5 Rxf5 27. exf5 gxh2+ 28. Kxh2 cxb4 29. axb4 Rd8 30. Rxa6 Rxd6 31. d4 Rf6 32. d5 Ne5 33. Rxf6 gxf6 34. Kg3 Kg7 35. Kf4 Kh6 36. Ke4 Kg5 37. d6 Kg4 38. Kd5 Kxf5 39. Kc5 Ke6 40. Kxb5 Kxd6 41. Ka4 f5 42. Kb3 f4 43. Kc2 Kd5 44. Kd1 Kc4 45. Kd2 f3 46. Ke3 Kb3 47. b5 Kxc3 48. b6 Nd3 49. Kxf3 Nc5 50. Kf4 Kd4 51. Kf5 Kd5 52. Kf6 Nd7+ 53. Ke7 Nxb6 1/2-1/2